02455nam a22002417a 4500008004100000020001800041040000800059041000800067100003700075245005900112260003800171300002500209520086200234520081901096650004501915650004301960650004202003650002502045655002702070942000802097952009302105999001502198251112b |||||||| |||| 00| 0 eng d a9788408271949 ctbs aspa aLongarela, Andrea926121eauthor aEl color de las cosas invisibles c/ Andrea Longarela. aBarcelona : bCrossbooks, c2023. a511 pages ; c23 cm. aLos dos quieren tener razón. Y los dos saben que se equivocan. Un enemies-to-lovers que te hará creer en el amor. Rain y Jack se odian. Rain y Jack pertenecen a planetas distintos. Rain y Jack no pueden tener menos cosas en común. Y, sin embargo, no dejan de cruzarse. Una y otra vez. Primero en el instituto, luego en un concierto e, inesperadamente, también unos años después, cuando ya creían que no volverían a encontrarse. Incluso se ven empujados a compartir una noche en una casa perdida en mitad del bosque. Rain piensa que las casualidades no existen. Jack, que las causalidades no lo explican todo. Los dos quieren tener razón. Y los dos saben que se equivocan. Y ambos intuyen que, sea cual sea la verdad, cuando se trata de amor no hay teoría científica que haga entender el mecanismo de un corazón cuando otro lo sacude. aThey both want to be right. And they both know they’re wrong. An enemies-to-lovers story that will make you believe in love. Rain and Jack hate each other. Rain and Jack come from different worlds. Rain and Jack couldn’t have less in common. And yet, they keep running into each other—again and again. First in high school, then at a concert, and, unexpectedly, years later, when they thought they’d never meet again. They even end up spending a night together in a secluded house deep in the woods. Rain believes coincidences don’t exist. Jack believes causality doesn’t explain everything. They both want to be right. And they both know they’re wrong. Deep down, they sense that—whatever the truth may be—when it comes to love, no scientific theory can explain the way one heart shakes another. 0aMan-woman relationships vFiction911134 0aFriendship in childrenvFiction926498 0aLife on other planetsvFiction926499 0aLovevFiction924358 0aRomance fiction922778 2lcc 00102lcc4070aTBSbTBSd2025-11-12l0oP-SP LONpB05647r2025-11-12t1w2025-11-12y1 c5178d5178